000
00312nam a22001337a 4500
008
181030b xxu||||| |||| 00| 0 eng d
020
_a
0803626665
041
_a
eng
080
_2
3rd
_a
610.73
100
_a
2
101
_a
INF
245
_a
Nursing Diagnosis with Interventions
_c
Doenges, M.E
942
_2
udc
_c
BK
999
_c
51106
_d
51106